000 00923aab a2200193 i 4500
001 768714001
003 CO-MdFUSB
005 20221109173521.0
008 221109s2003 sp ||||| |||| 00| 0 spa d
040 _bspa
_cCO-MdFUSB
_dCO-MdFUSB
041 _aspa
100 1 _aPanneerselvam, Sivanandam
_eautor
245 1 0 _aUna respuesta hinduista a la encíclica papal "fides et rario"
_c/ Sivanandam Panneerselvam
300 _aNúmero 302, (Septiembre 2003), páginas 97-110
_c; 21 cm
520 _aEl Papa Juan Pablo II, en su encíclica Fides et ratio, explica la interrelación entre la fe y la razón para ver si, efectivamente, son asuntos importantes, y en el caso de que lo sean, preguntarse hasta qué punto y en qué esfera lo son.
650 0 _91248
_aCristianismo y otras religiones
_xHinduismo.
773 0 _tConcilium
_049450
_960412
_gNúmero 302, (Septiembre 2003), páginas 97-110
_qpáginas 97-110
942 _cANA
999 _c49964
_d49964